header

R.S. Thomas (Record no. 113511)

MARC details
000 -LEADER
fixed length control field 01369nam a2200325Ia 4500
082 04 - DEWEY DECIMAL CLASSIFICATION NUMBER
Classification number 821/.914
100 1# - MAIN ENTRY--AUTHOR NAME
Personal name Davis, William Virgil,
245 10 - TITLE STATEMENT
Title R.S. Thomas
260 ## - PUBLICATION, DISTRIBUTION, ETC. (IMPRINT)
Place of publication Waco, TX :
Name of publisher Baylor University Press,
Year of publication c2007.
300 ## - PHYSICAL DESCRIPTION
Number of Pages xvi, 219 p.
650 #0 - SUBJECT ADDED ENTRY--TOPICAL TERM
Topical Term Theology in literature.
Topical Term Religious poetry, English
856 40 - ELECTRONIC LOCATION AND ACCESS
Uniform Resource Identifier http://site.ebrary.com/lib/rucke/Doc?id=10191390

No items available.

© 2026 Rongo University
Contact us: librarian | system librarian | Rongo university